Commentaire sur l'Esprit des lois de Montesquieu / (Record no. 48607)
[ view plain ]
| 000 -LEADER | |
|---|---|
| campo de control de longitud fija | 00886nam a22002175i 4500 |
| 001 - NÚMERO DE CONTROL | |
| campo de control | 48607 |
| 003 - IDENTIFICADOR DE NÚMERO DE CONTROL | |
| campo de control | ES-MaACL |
| 005 - FECHA Y HORA DE LA ÚLTIMA TRANSACCIÓN | |
| campo de control | 20251120165640.0 |
| 007 - CAMPO FIJO DE DESCRIPCIÓN FÍSICA--INFORMACIÓN GENERAL | |
| campo de control de longitud fija | t| |
| 008 - DATOS DE LONGITUD FIJA--INFORMACIÓN GENERAL | |
| campo de control de longitud fija | 950726s1819 fr ||||1| fre d |
| 040 ## - FUENTE DE CATALOGACIÓN | |
| Centro catalogador/agencia de origen | CAM |
| Lengua de catalogación | spa |
| Centro/agencia transcriptor | CAM |
| 100 1# - ENTRADA PRINCIPAL--NOMBRE DE PERSONA | |
| Nombre de persona | Destutt de Tracy, Antoine-Louis-Claude, |
| Fechas asociadas al nombre | 1754-1836 |
| 9 (RLIN) | 126781 |
| 245 10 - MENCIÓN DEL TÍTULO | |
| Título | Commentaire sur l'Esprit des lois de Montesquieu / |
| Mención de responsabilidad, etc. | par le Comte de Destutt de Tracy; suivi d'observations inédites de Condorcet sur le vingt-neuvième livre du même ouvrage... |
| 260 ## - PUBLICACIÓN, DISTRIBUCIÓN, ETC. | |
| Lugar de publicación, distribución, etc. | Paris : |
| Nombre del editor, distribuidor, etc. | Theodore Desser, |
| Fecha de publicación, distribución, etc. | 1819 ( |
| Fabricante | Firmin Didot) |
| 300 ## - DESCRIPCIÓN FÍSICA | |
| Extensión | XV, 480 p. ; |
| Dimensiones | 21 cm. |
| 600 14 - PUNTO DE ACCESO ADICIONAL DE MATERIA--NOMBRE DE PERSONA | |
| Nombre de persona | Montesquieu, Charles-Louis de Secondat, |
| Títulos y otros términos asociados al nombre | baron de, |
| Fechas asociadas al nombre | 1689-1755 |
| 9 (RLIN) | 82608 |
| 700 1# - ENTRADA AGREGADA--NOMBRE PERSONAL | |
| Nombre de persona | Condorcet, Jean Antoine Nicolas de Caritat, |
| Títulos y otros términos asociados al nombre | marquis de, |
| Fechas asociadas al nombre | 1743-1794 |
| 9 (RLIN) | 240091 |
| 852 ## - LOCALIZACIÓN | |
| Ubicación | ES-MaACL |
| Número de control de estantería | D-4856 |
| 852 ## - LOCALIZACIÓN | |
| Ubicación | ES-MaACL |
| Número de control de estantería | G-9165 |
| Estatus retirado | Estado de pérdida | Estado de daño | No para préstamo | Colección | Biblioteca de origen | Biblioteca actual | Ubicación en estantería | Fecha de adquisición | Fuente de adquisición | Total de préstamos | Signatura topográfica completa | Código de barras | Visto por última vez | Precio de reemplazo | Tipo de ítem Koha |
|---|---|---|---|---|---|---|---|---|---|---|---|---|---|---|---|
| Libros del s. XIX | Biblioteca del Ateneo de Madrid | Biblioteca del Ateneo de Madrid | Sala Pecera Planta 3 | 17/01/2008 | G-9165 | 1051152 | 23/02/2023 | 23/02/2023 | Libro impreso antiguo | ||||||
| Libros del s. XIX | Biblioteca del Ateneo de Madrid | Biblioteca del Ateneo de Madrid | Sala Valle Inclán | 17/01/2008 | D-4856 | 901051151 | 23/02/2023 | 23/02/2023 | Libro impreso antiguo |
